Bandiere Capovolte - Morte improvvisa - Statistics

Statistiche generali
  • Questo quiz è stato fatto 71 volte
    5 dall'ultimo reset
  • Il punteggio medio è 10 su 19
Answers on the Grid
Answers color-coded by a green-red scale on the quiz's grid according to % correct below.
 
Statistiche sulle risposte
Risposta % Corretto
100%
75%
75%
50%
50%
50%
50%
50%
50%
50%
50%
50%
50%
50%
50%
50%
50%
25%
0%
Nessun quiz corrispondente trovato
Distribuzione punteggi
Percentuale di utenti per punteggio
Percentile per numero di risposta
I tuoi punteggi nel tempo
Non hai fatto questo quiz dall'ultimo reset